Movies Quiz

Random Movies or Actor Quiz

Golden Globe Nominees (2011) Quiz Stats

 Plays Quiz Updated Mar 13, 2020

Support Sporcle.
Go Orange.
Score 0/71 Timer 07:00
0 Plays Today
film/actor % Correct
GEORGE CLOONEY - THE DESCENDANTS
72.2%
The Descendants - Alexander Payne
66.9%
THE DESCENDANTS
66.9%
The Descendants - Payne, Faxon, Rash
66.9%
MERYL STREEP - THE IRON LADY
65%
Brad Pitt - Moneyball
64%
The Artist - Michael Hazanavicius
59.9%
THE ARTIST
59.9%
The Artist - Michael Hazanavicius
59.9%
THE ARTIST - LUDOVIC BOURCE
59.9%
Moneyball
59.6%
Moneyball - Zaillian, Sorkin
59.6%
The Help
51.1%
The Help - 'The Living Proof'
51.1%
The Ides of March - George Clooney
49.7%
Hugo
48.3%
Hugo - Howard Shore
48.3%
Bridesmaids
45.8%
HUGO - MARTIN SCORSESE
43.9%
Ryan Gosling - The Ides of March
43.8%
Ryan Gosling - Crazy, Stupid, Love.
43.8%
The Ides of March
43%
The Ides of March - Clooney, Heslov, Willimon
43%
War Horse
42.7%
War Horse - John Williams
42.7%
MICHELLE WILLIAMS - MY WEEK WITH MARILYN
40.5%
Viola Davis - The Help
40.5%
Jonah Hill - Moneyball
37.1%
Cars 2
36.6%
My Week with Marilyn
34.7%
Kristen Wiig - Bridesmaids
33.3%
Midnight in Paris - Woody Allen
33.1%
Midnight in Paris
32.8%
MIDNIGHT IN PARIS - WOODY ALLEN
32.8%
OCTAVIA SPENCER - THE HELP
31.2%
THE ADVENTURES OF TINTIN
30.8%
film/actor % Correct
Leonardo DiCaprio - J. Edgar
29.9%
CHRISTOPHER PLUMMER - BEGINNERS
27.9%
50/50
26.8%
The Girl with the Dragon Tattoo - Reznor, Ross
26.8%
Rango
26.2%
Glenn Close - Albert Nobbs
26.1%
Rooney Mara - The Girl with the Dragon Tattoo
26%
Jessica Chastain - The Help
25.3%
W.E. - Abel Korzeniowski
25.1%
W.E. - 'MASTERPIECE'*
25.1%
Kate Winslet - Carnage
24.6%
Owen Wilson - Midnight in Paris
24.4%
JEAN DUJARDIN - THE ARTIST
23.7%
Michael Fassbender - Shame
21.6%
Joseph Gordon-Levitt - 50/50
21.2%
Tilda Swinton - We Need to Talk about Kevin
19.8%
Shailene Woodley - The Descendants
19.4%
A SEPARATION
18.4%
Berenice Bejo - The Artist
18.3%
Charlize Theron - Young Adult
18%
Kenneth Branagh - My Week with Marilyn
16.6%
Albert Brooks - Drive
16%
Jodie Foster - Carnage
15.6%
Puss in Boots
15.2%
Arthur Christmas
13.3%
Albert Nobbs - 'Lay Your Head Down'
13.3%
In the Land of Blood and Honey
12.9%
Gnomeo & Juliet - 'Hello Hello'
12%
Janet McTeer - Albert Nobbs
11.9%
Viggo Mortensen - A Dangerous Method
8.8%
The Skin I Live In
8.1%
Brendan Gleeson - The Guard
8.1%
The Flowers of War
4.9%
Machine Gun Preacher - 'The Keeper'
4.6%
The Kid with a Bike
4.5%

You're not logged in!

Compare scores with friends on all Sporcle quizzes.
OR
Log In

From the Vault

Take Five V

by El_Dandy

This is the fivest quiz you'll take all day.
Remove Ads.
Support Sporcle.
Get the best of Sporcle when you Go Orange. This ad-free experience offers more features, more stats, and more fun while also helping to support Sporcle. Thank you for becoming a member.

Show Comments

Extras

Top Quizzes Today


Score Distribution

Your Account Isn't Verified!

In order to create a playlist on Sporcle, you need to verify the email address you used during registration. Go to your Sporcle Settings to finish the process.

Report this User

Report this user for behavior that violates our Community Guidelines.

Details: